Provinces of Cuba Quiz Stats

 Plays Quiz Updated Jan 13, 2018

Also try: Canadian Provinces
Challenge
Share
Tweet
Score 0/16 Timer 08:00
3 Plays Today
% Correct
Havana
98.8%
Guantánamo
68.8%
Santiago de Cuba
66.1%
Villa Clara
64.1%
Pinar del Río
63.3%
Artemisa
61.8%
Matanzas
61.4%
Granma
60.6%
% Correct
Cienfuegos
56.6%
Las Tunas
56.5%
Holguín
54.6%
Isla de la Juventud
51.5%
Camagüey
50%
Mayabeque
49.7%
Sancti Spíritus
48.6%
Ciego de Ávila
36.9%

You're not logged in!

Compare scores with friends on all Sporcle quizzes.
OR
Log In

You Might Also Like...

Show Comments

Extras

Top Quizzes Today


Score Distribution

Your Account Isn't Verified!

In order to create a playlist on Sporcle, you need to verify the email address you used during registration. Go to your Sporcle Settings to finish the process.

Report this User

Report this user for behavior that violates our Community Guidelines.

Details: